000 00313nam a22001337a 4500
003 SGT
020 _a97815-43344-22-6
100 _aSHARMA, VRVASHI
245 _aNEW APPROACH TO INDUSTRIAL PHARMACY-II
250 _a1st
260 _aS, VIKASH
_bPUNJAB
_c2020
650 _a INDUSTRIAL, PHARMACY
942 _2ddc
_cBK
999 _c24691
_d24691